00254nam a22000857a 4500020001800000100002000018245008700038260003100125300001200156 a9780439517379 aGeorge Sullivan aBuilt To Last : Building America's Amazing Bridges, Dams, Tunnels, And Skyscrapers aNew YorkbScholasticc2005 a128 pgs